zpět

Detail výsledku týmu

The Pub Praha 2 ST, Praha

Datum a čas kvízu

22 Celkem bodů Celkový počet nahraných bodů na tomto kvízu bez doplňovacích otázek.
14. Pořadí na kvízu Konečné umístění týmu na tomto kvízu.

Zaznamenané odpovědi

# Otázka Odpověď Body Výsledky
1. V pátek bylo překlenuto Labe p... Pardubice 0
2. Naprosté vyloučení používání m... Itálie 0
3. Který známý youtuber minulý tý... MrBeast 0
4. Ve čtvrtek večer musela být ne... ve Francii 1
5. Tento 24letý český basketbalis... Vít Krejčí 0
6. Ve kterých dvou variantách se... C 1
7. Ze kterého prostředí pochází k... A 1
8. Kterým jedenáctipísmenným slov... hipoterapie 1
9. Kam byste správně koni umístil... A 1
10. Koně jsou s člověkem spojení j... Moravskoslezský kraj 0